Statistics for La Liga Top Scorers 2016/17

Click here to take the quiz!

General Stats

  • This quiz has been taken 56 times
  • The average score is 11 of 27

Answer Stats

Club ( Current )GoalsAnswer% Correct
Real Madrid25Cristiano Ronaldo
100%
Barcelona39Lionel Messi
100%
Barcelona37Luis Suarez
100%
Atletico Madrid16Antoine Griezmann
88%
Real Madrid11Karim Benzema
83%
Chelsea15Alvaro Morata
76%
PSG13Neymar
71%
Celta Vigo19Iago Aspas
68%
Athletic Bilbao16Aritz Aduriz
51%
Atletico Madrid12Kevin Gameiro
46%
Real Madrid10Isco
44%
Sevilla11Wissam Ben Yedder
39%
RCD Espanyol13Gerard Moreno
27%
Real Sociedad12Willian Jose
24%
Dalian Yifang10Yannick Carrasco
24%
Beijing Guoan10Cedric Bakambu
17%
SD Eibar10Pedro Leon
15%
Real Betis10Sergio Leon
15%
Eintracht Frankfurt10Kevin-Prince Boateng
12%
Athletic Bilbao10Raul Garcia
12%
Real Betis13Ruben Castro
12%
Real Sociedad11Juanmi
10%
SD Eibar11Sergi Enrich
7%
RC Deportivo12Florin Andone
5%
Villarreal10Roberto Soriano
5%
RCD Espanyol10Pablo Piatti
2%
Sevilla14Sandro Ramirez
2%

Score Distribution

Percentile by Number Answered

Percent of People with Each Score

Your Score History

You have not taken this quiz